Countries Most Similar To Romania - Statistics

General Stats
  • This quiz has been taken 300 times
  • The average score is 15 of 20
Answer Stats
Rank Country Score % Correct
1 Moldova 80.1
95%
2 Bulgaria 80.0
94%
7 Serbia 77.5
92%
4 Hungary 77.9
90%
8 Ukraine 76.6
88%
17 Greece 73.8
85%
3 Poland 78.6
84%
13 Italy 74.9
81%
5 Slovakia 77.7
78%
6 Croatia 77.6
77%
17 Spain 73.8
76%
10 Slovenia 76.0
75%
9 France 76.1
71%
19 Bosnia and Herzegovina 73.7
68%
13 Portugal 74.9
66%
15 North Macedonia 74.8
65%
12 Czech Republic 75.0
64%
11 Montenegro 75.2
62%
20 Latvia 72.8
48%
16 Lithuania 74.0
48%
No matching quizzes found
Score Distribution
Percent of People with Each Score
Percentile by Number Answered
Your Score History
You have not taken this quiz